| 000 | 00378nam a2200145Ia 4500 | ||
|---|---|---|---|
| 008 | 231217s9999 xx 000 0 und d | ||
| 041 | _aEnglish | ||
| 082 | _a294 VIR | ||
| 100 | _aVireswarananda, Swami | ||
| 245 | 0 | _aReligion and national integration | |
| 260 |
_c1986 _bRamakrishna Math, Madras |
||
| 300 | _a26 | ||
| 650 | _aReligion National integration | ||
| 942 | _cAA | ||
| 999 |
_c165209 _d165209 |
||